000 00690cam a22002413a 4500
001 13963
003 PGUSA
005 20140828083311.0
008 041105s2004||||xxu|||||s|||||000 | eng d
040 _aPGUSA
_beng
042 _adc
050 4 _aDA
100 1 _aSheehan, D. D.
_q(Daniel Desmond),
_d1873-1948
245 1 0 _aIreland Since Parnell
_h[electronic resource] /
_cD. D. Sheehan
260 _bProject Gutenberg,
_c2004
506 _aPublic domain in the USA.
516 _aElectronic text
653 _aIreland -- Politics and government
653 _aIrish question
830 0 _aProject Gutenberg
_v13963
856 4 0 _uhttp://www.gutenberg.org/ebooks/13963
942 _cEB
999 _c243218
_d243218